| 000 | 00624nam a2200193Ia 4500 | ||
|---|---|---|---|
| 008 | 240925s9999 xx 000 0 und d | ||
| 020 | _a9781498736053 | ||
| 082 | _a515.35 WIR | ||
| 100 | _a Wirkus, Stephen A. | ||
| 245 | 2 | _aA course in differential equations with boundary-value problems | |
| 250 | _a2nd | ||
| 260 |
_aNew York: _bCRC Press _c,2017. |
||
| 300 |
_a767p. _bNA _fOriginal |
||
| 500 | _aIncludes Index | ||
| 600 | _aHumanities & Natural Science | ||
| 650 | _aMathematics | ||
| 856 |
_uhttps://drive.google.com/file/d/1xfR_vpFX6p6WK_fmUQhcah5X0AJEFUuC/view?usp=sharing _yClick here for PDF |
||
| 942 | _cBK | ||
| 999 |
_c18298 _d18298 |
||